000 00296nam a2200109Ia 4500
008 230907s9999||||xx |||||||||||||| ||und||
082 _a808.06636132
_bFRI
245 0 _aProfessional writing skills for social workers /
260 _aOpen University Press,
_c2015
300 _a178 p.
942 _cBK
999 _c598968
_d598968